The little know-it-all : |b common sense for designers / (Record no. 13486)

MARC details
000 -CABECERA
campo de control de longitud fija 00701nam a22002057a 4500
003 - IDENTIFICADOR DEL NÚMERO DE CONTROL
campo de control OSt
005 - FECHA Y HORA DE LA ÚLTIMA TRANSACCIÓN
campo de control 20260530115314.0
008 - DATOS DE LONGITUD FIJA--INFORMACIÓN GENERAL
campo de control de longitud fija 260420b2007 gw a|||| |||| 00| 0 eng d
020 ## - NÚMERO INTERNACIONAL ESTÁNDAR DEL LIBRO
Número Internacional Estándar del Libro 9783899551679
040 ## - FUENTE DE LA CATALOGACIÓN
Centro catalogador/agencia de origen ICI
Lengua de catalogación spa
Centro/agencia transcriptor ICI
050 ## - SIGNATURA TOPOGRÁFICA DE LA BIBLIOTECA DEL CONGRESO
Número de clasificación NK1510
Número de documento/Ítem B55
100 1# - ENTRADA PRINCIPAL--NOMBRE DE PERSONA
Nombre de persona Bilz, Silja,
Término indicativo de función/relación autor
9 (RLIN) 33233
245 ## - MENCIÓN DE TÍTULO
Título The little know-it-all : |b common sense for designers /
Mención de responsabilidad, etc. text by Silja Bilz ; edited by Robert Klanten, Mika Mischler and Silja Bilz
260 ## - PUBLICACIÓN, DISTRIBUCIÓN, ETC.
Lugar de publicación, distribución, etc. Berlin :
Nombre del editor, distribuidor, etc. Gestalten,
Fecha de publicación, distribución, etc. 2007
300 ## - DESCRIPCIÓN FÍSICA
Extensión 351 páginas
Otras características físicas ilustraciones
Dimensiones 17cm.
650 ## - PUNTO DE ACCESO ADICIONAL DE MATERIA--TÉRMINO DE MATERIA
Término de materia o nombre geográfico como elemento de entrada Diseño
Subdivisión de forma Manuales
9 (RLIN) 33234
700 ## - PUNTO DE ACCESO ADICIONAL--NOMBRE DE PERSONA
Nombre de persona Klanten, Robert,
Término indicativo de función/relación editor
9 (RLIN) 33235
700 ## - PUNTO DE ACCESO ADICIONAL--NOMBRE DE PERSONA
Nombre de persona Mischler, Michael,
Término indicativo de función/relación editor
9 (RLIN) 33236
942 ## - ELEMENTOS DE PUNTO DE ACCESO ADICIONAL (KOHA)
Fuente del sistema de clasificación o colocación Library of Congress Classification
Tipo de ítem Koha
Suprimir en OPAC 0

No items available.